Sagesse roster 2025 - Statistics

General Stats
  • This quiz has been taken 11 times
  • The average score is 9 of 12
Answer Stats
Hint Answer % Correct
SF Omar Jamaleddine
100%
SG Aziz Abdel Massih
75%
SF Elie Rustom
75%
C Gerard Hadidian
75%
PG Jad Khalil
75%
C Joe Abi Kheres
75%
SG Mark Khoueiry
75%
PF Martin Krampelj
75%
C Naim Rabay
75%
PF Sekou Doumbouya
75%
PG Stefan Moody
75%
PF Jihad El Khatib
25%
No matching quizzes found
Score Distribution
Percent of People with Each Score
Percentile by Number Answered
Your Score History
You have not taken this quiz